000 00759cam a2200265 4500500
005 20260405002654.0
041 _afre
042 _adc
100 1 0 _aEltchaninoff, Michel
_eauthor
245 0 0 _aLes 7 circuits de la pensée
260 _c2018.
500 _a94
690 _aa priori
690 _aAnalogie
690 _aAntoine Bordes
690 _aCompréhension
690 _aDéduction
690 _aImagination
690 _aInduction
690 _aintelligence
690 _aIntelligence Artificielle
690 _aIntentionnalité
786 0 _nPhilosophie magazine | 118 | 4 | 2018-04-01 | p. 24-27 | 1951-1787
856 4 1 _uhttps://shs.cairn.info/magazine-philosophie-magazine-2018-4-page-24?lang=fr&redirect-ssocas=7080
999 _c2059947
_d2059946